Grainger & Allison's Diagnostic Radiology (Record no. 32820)
[ view plain ]
| 000 -LEADER | |
|---|---|
| fixed length control field | 00392nam a22001577a 4500 |
| 003 - CONTROL NUMBER IDENTIFIER | |
| control field | SGT |
| 020 ## - INTERNATIONAL STANDARD BOOK NUMBER | |
| International Standard Book Number | 9780712075247 |
| 082 ## - DEWEY DECIMAL CLASSIFICATION NUMBER | |
| Classification number | 616.0757 |
| Item number | G21A |
| 100 ## - MAIN ENTRY--PERSONAL NAME | |
| Personal name | Adam, Andreas |
| 245 ## - TITLE STATEMENT | |
| Title | Grainger & Allison's Diagnostic Radiology |
| 250 ## - EDITION STATEMENT | |
| Edition statement | 7th Ed. |
| 260 ## - PUBLICATION, DISTRIBUTION, ETC. (IMPRINT) | |
| Place of publication, distribution, etc | Netherlands |
| Name of publisher, distributor, etc | Elsevier |
| Year of Publication | 2021 |
| 300 ## - PAGE DESCRIPTION | |
| No. of Pages | Vol. 1: 1-1222 Vol. 2 : 1223-2237 |
| 650 ## - SUBJECT ADDED ENTRY--TOPICAL TERM | |
| Topical term or geographic name as entry element | Radiology |
| 942 ## - ADDED ENTRY ELEMENTS (KOHA) | |
| Source of classification or shelving scheme | Dewey Decimal Classification |
| Koha item type | Books |
| Withdrawn status | Lost status | Source of classification or shelving scheme | Damaged status | Use restrictions | Not for loan | Home library | Current library | Shelving location | Date acquired | Vendor Name | Volume Information (Serial or Books or Non-Book Material) | SGTU | Bill Number | Full call number | Accession No. (Barcode) | Date last seen | Bill Date | Koha item type | Total Checkouts |
|---|---|---|---|---|---|---|---|---|---|---|---|---|---|---|---|---|---|---|---|
| Dewey Decimal Classification | Restricted Access | Not For Loan | SGT Dental Library | SGT Dental Library | Reference Book | 16/10/2025 | Ahuja Book Co. Pvt. Ltd. | Vol. 1 | SGTU | 21713 | 616.0757 G21A | FD9922 | 16/10/2025 | Books | |||||
| Dewey Decimal Classification | Restricted Access | Not For Loan | SGT Dental Library | SGT Dental Library | Reference Book | 16/10/2025 | Ahuja Book Co. Pvt. Ltd. | Vol. 2 | SGTU | 21713 | 616.0757 G21A | FD9923 | 16/10/2025 | Books |